Study of Nasopharyngeal Carriage of Neisseria Meningitidis in a Tertiary Healthecare Setup. (Record no. 1851705)
[ view plain ]
| 000 -LEADER | |
|---|---|
| fixed length control field | 00900nam a2200361Ia 4500 |
| 005 - DATE AND TIME OF LATEST TRANSACTION | |
| control field | 20260514124339.0 |
| 008 - FIXED-LENGTH DATA ELEMENTS--GENERAL INFORMATION | |
| fixed length control field | 008 261405s9999 xx 000 0 eng d |
| 037 ## - | |
| -- | Thesis |
| 040 ## - CATALOGING SOURCE | |
| -- | CRL |
| 040 ## - CATALOGING SOURCE | |
| Language of cataloging | eng |
| 040 ## - CATALOGING SOURCE | |
| Transcribing agency | CRL |
| 041 ## - LANGUAGE CODE | |
| Language code of text | eng |
| 084 ## - COLON CLASSIFICATION NUMBER | |
| -- | CRL |
| 100 ## - MAIN ENTRY--PERSONAL NAME | |
| Student/researcher name | Dr.Imsensenba |
| 245 #0 - TITLE STATEMENT | |
| Title | Study of Nasopharyngeal Carriage of Neisseria Meningitidis in a Tertiary Healthecare Setup. |
| 260 ## - PUBLICATION, DISTRIBUTION, ETC. | |
| Place of publication, distribution, etc. | Delhi |
| 260 ## - PUBLICATION, DISTRIBUTION, ETC. | |
| Name of publisher, distributor, etc. | University of Delhi |
| 260 ## - PUBLICATION, DISTRIBUTION, ETC. | |
| Date of publication, distribution, etc. | 2016 |
| 300 ## - PHYSICAL DESCRIPTION | |
| Extent | 78p. |
| 502 ## - Thesis Note | |
| Degree type | Ph.D. |
| 502 ## - Thesis Note | |
| Name of granting institution | University of Delhi |
| 502 ## - Thesis Note | |
| Year degree granted | 2016 |
| 650 ## - SUBJECT ADDED ENTRY--TOPICAL TERM | |
| LCSH or local subjects | Microbiology |
| 700 ## - ADDED ENTRY--PERSONAL NAME | |
| Supervisor / Guide name | Dr.Atul Murari |
| 700 ## - ADDED ENTRY--PERSONAL NAME | |
| Supervisor / Guide name | Dr.Ravinder |
| 700 ## - ADDED ENTRY--PERSONAL NAME | |
| Supervisor / Guide name | Dr.Renu Dutta, |
| 700 ## - ADDED ENTRY--PERSONAL NAME | |
| Supervisor / Guide name | Dr.S.Aneja, |
| 942 ## - ADDED ENTRY ELEMENTS (KOHA) | |
| Koha item type | Thesis |
| 100 ## - MAIN ENTRY--PERSONAL NAME | |
| -- | 1239473 |
| 541 ## - IMMEDIATE SOURCE OF ACQUISITION NOTE | |
| -- | Thesis |
| 700 ## - ADDED ENTRY--PERSONAL NAME | |
| -- | 1239474 |
| 700 ## - ADDED ENTRY--PERSONAL NAME | |
| -- | 1239475 |
| 700 ## - ADDED ENTRY--PERSONAL NAME | |
| -- | 1239476 |
| 700 ## - ADDED ENTRY--PERSONAL NAME | |
| -- | 1239477 |
| 999 ## - | |
| -- | 1851705 |
| -- | 1851705 |
| Withdrawn status | Lost status | Not for loan | Home library | Current library | Date acquired | Accession Number | Koha item type |
|---|---|---|---|---|---|---|---|
| Central Library | Central Library | 2026-05-14 | TH0028058 | Thesis |
